Manual Reinforced Concrete Design for Building Structural Members (Record no. 10330)

MARC details
000 -LEADER
fixed length control field 00344nam a2200121 a 4500
100 1# - MAIN ENTRY--AUTHOR NAME
Personal name Mohammad Rafique
245 10 - TITLE STATEMENT
Title Manual Reinforced Concrete Design for Building Structural Members
260 ## - PUBLICATION, DISTRIBUTION, ETC. (IMPRINT)
Place of publication [S.l.] :
Name of publisher ?,
Year of publication 2009.
300 ## - PHYSICAL DESCRIPTION
Number of Pages IRP p. ;
650 ## - SUBJECT ADDED ENTRY--TOPICAL TERM
Topical Term Manual
856 40 - ELECTRONIC LOCATION AND ACCESS
Uniform Resource Identifier http://www.amazon.com/exec/obidos/ASIN/chopaconline-20
942 ## - ADDED ENTRY ELEMENTS (KOHA)
Koha item type Books
Holdings
Withdrawn status Lost status Collection code Home library Current library Date acquired Full call number Accession Number Koha item type
    Reference Reference Section Reference Section 24/09/2014 624.18341RAF (Shelf - 73B) D894 Books